Hunter X Hunter- Les catégories de Hunter connues - Statistiques

Statistiques générales
  • Ce quiz a été pris 23 fois
  • Le résultat moyen est 4 sur 25
Statistiques - réponses
Occupation Catégorie de Hunters % Correct
Collecte d'ingrédients rare et élaboration denouvelles recettes Hunters Gourmets
86%
Découverte et préservation de ruines et de civilisations anciennes Hunters Archéologues
41%
Etude et conservation des espèces animales inconnues Beast Hunters
32%
Talent dans le domaine de la musique, ouieexceptionnelle Music Hunters
23%
Révélation des cas mystérieux dans le monde du crime Crime Hunters
18%
Traque des criminels dangereux Hunters de la Black List
18%
Chasse d'animaux ou de trésors dans la mer Sea Hunters
18%
Spécialisation dans les poisons et dans leurutilisation pharmaceutique Poison Hunters
14%
Recherche d'objets rares et précieux Treasure Hunters
14%
Recherche et recueil des plantes Botanic Hunters
9%
Découverte de connaissances de toutes sortes parla recherche de savoirs rares ou cachés Information Hunters
9%
Traque des terroristes et prévention des attaquesterroristes Terrorist Hunters
9%
Sous-catégorie de la catégorie précédente Beast Hunters Exotiques
5%
Travail sur Internet et répression des crimescybernétiques Hackers Hunters
5%
Découverte de nouveaux talents Head Hunters
5%
Conservation de la beauté des gens Hunters de la Jeunesse
5%
Travaux spécifiques auprès d'entreprises qui lesembauchent Hunters sous contrat
5%
Gain d'argent auprès de gens riches Jackpot Hunters
5%
Recherche de gens dont le contact a été perdu Lost Hunters
5%
Apprentissage et traduction de langues ancienneset perdues Paleograph Hunters
5%
Etude des animaux et protection de ceux-ci contreles braconniers Ranger Hunters
5%
Emplois gournementaux en lien avec les Hunters de l'Association Temp Hunters
5%
Unité des renseignements, inspecteur Trouble Hunters
5%
Sous-catégorie de la catégorie précédente UMA Hunters
5%
Recherche de nouveaux éléments pour guéri les maladies incurables Virus Hunters
5%
Aucun quiz correspondant
Distribution des résultats
% des personnes avec chaque résultat
Percentile par nombre de réponses
Votre historique - résultats
Vous n’avez pas pris ce quiz